World Capitals starting with D - Statistics

General Stats
  • This quiz has been taken 78 times
  • The average score is 7 of 9
Answer Stats
Capital % Correct
Dakar
90%
Dhaka
81%
Dili
81%
Dodoma
77%
Dublin
71%
Djibouti
69%
Doha
69%
Dushanbe
69%
Damascus
67%
No matching quizzes found
Score Distribution
Percent of People with Each Score
Percentile by Number Answered
Your Score History
You have not taken this quiz